000 00597nam a2200181 4500
001 136478
003 ES-MaACL
005 20240825063038.0
007 t|
008 070214s1967 sp r ||||1| spa d
100 1 _aRussell, Bertrand,
_d1872-1970
_9101033
245 1 0 _aEnsayos sobre educación, especialmente en los años infantiles /
_cBertrand Russell ; [traducción... por Julio Huici].
260 _aMadrid :
_bEspasa-Calpe,
_c1967.
300 _a234 p. ;
_c18 cm.
700 1 _aHuici, Julio.
_964659
852 _aES-MaACL
_jC-32201
_bR.62270
999 _c136478
_d136478